00928nam a2200265 a 450000100060000000300080000600500170001400800410003103500190007204000270009104100080011804300120012608200240013824500600016226000420022230000190026450000860028365000230036965100500039270000400044271000290048294200130051199900170052495201210054120915BD-RjUL20211209000628.0190311s1953 ii 000 0 eng d a(BD-RjUL)20977 aNICcNICbengdBD-RjUL aeng aa-ii--- 223a321.8bCHA 195304aThe challenge to democracy /cB. Shiva Rao ... [et al.] aDelhi :bPublications Division,c1953 a55 p. ;c21 cm a"A series of eight talks broadcast by All India Radio in its National Programme." 0aDemocracy.9229246 0aIndiaxPolitics and governmenty1947-92292471 aRao, B. Shiva ... [et al.]92292522 aAll India Radio.9229249 2ddccRAR c20915d20915 00102ddc40718RAREaRUCLbRUCLcRared2019-03-11l0oRA 321.8 CHA 1953r2019-03-11 00:00:00tC-1w2019-03-11yRAR